| 000 | 00536nam a22001817a 4500 | ||
|---|---|---|---|
| 005 | 20251108164023.0 | ||
| 008 | 250721s1987 xx 000 0 ara d | ||
| 082 | 1 | 4 | _a216,5/أمي |
| 100 | 1 | _aأحمد، الأمين الحاج محمد | |
| 245 | 1 | 0 | _aأحكام الزواج في ضوء الكتاب و السنة / |
| 264 | 1 |
_aجدة : _bدار المطبوعات الحديثة، _c1987. |
|
| 300 | _a270ص | ||
| 650 | 1 | 7 | _aالإسلام |
| 650 | 1 | 7 | _aالفقه |
| 650 | 1 | 7 | _aالزواج |
| 942 |
_2ddc _cBK |
||
| 999 |
_c1620 _d1620 |
||